Datum a čas kvízu
35.5
Celkem bodů
Celkový počet nahraných bodů na tomto kvízu bez doplňovacích otázek.
5.
Pořadí na kvízu
Konečné umístění týmu na tomto kvízu.
Zaznamenané odpovědi
| # | Otázka | Odpověď | Body | Výsledky |
|---|---|---|---|---|
| 1. | Národní park České Švýcarsko z... | rysa ostrovida | 1 | |
| 2. | Bývalý princ Andrew už o svůj... | Princ William | 0 | |
| 3. | Obvodní soud pro Prahu 4 předb... | Sbormistr | 1 | |
| 4. | Ministryně financí Alena Schil... | Kobra | 1 | |
| 5. | Český fotbal od úterního rána... | NCOZ (Národní centrála proti organizovanému zločinu), (MFK) Karviná | 0.5 | |
| 1. | Vítězné téma „vražedně“ těsnéh... | Hercule Poirot | 1 | |
| 2. | Fiktivní detektiv třetí třídy... | Ed McBain, New York | 1 | |
| 3. | Přiřaďte autory severských det... | 1D 2A 3C 4B | 0 | |
| 4. | Pán ohně, Čtvrtá oběť, Sál smr... | Peter May, Čína | 0 | |
| 5. | Jednou z nejúspěšnějších český... | Zmizela v mlze (Norsko), Ostrov šedých mnichů (Nizozemsko) | 0 |